|
|
|
|
| LEADER |
00000nam a22000007a 4500 |
| 005 |
2021070206246.0 |
| 007 |
cr|||| |||| |
| 008 |
210702s2015 co |||||s|||| 00||0 spa d |
| 020 |
|
|
|a 978-958-762-407-6
|
| 035 |
|
|
|a 33401
|
| 040 |
|
|
|a vLex
|
| 090 |
|
|
|c 11833
|d 11833
|
| 245 |
0 |
0 |
|a Gestin̤ del tiempo y Planificacin̤ de tareas
|h [Recurso electrn̤ico] /
|
| 256 |
|
|
|a Servicio en ln̕ea
|
| 260 |
|
|
|a Bogot:̀
|b Ediciones de la U,
|c 2015
|
| 300 |
|
|
|a 1 recurso electrn̤ico
|
| 500 |
|
|
|a El props̤tio de este manual es el de ser una gua̕ t︢il para el aprendizaje, siendo eminentemente prc̀tica y didc̀tica. Trata los siguientes temas: Gestin̤ de tiempo y planificacin̤ de tareas Planificacin̤ operativa La organziacin̤ personal Herramientas y estrategioas para la organizacin̤ La influencia del estrš en la organizacin̤ del trabajo El estrš El estrš laboral La organizacin̤ del trabajo como medio para combatir el estrš.
|
| 506 |
1 |
|
|a Disponible solo en los productos indicados
|d vLex Global
|d vLex Global (Academic Edition, excluding Law Schools)
|d vLex Global (U.S. Academic Edition, Law Schools)
|d vLex Global (U.S. Academic Edition, excluding Law Schools)
|d vLex Global (Academic Edition, Law Schools)
|
| 650 |
0 |
4 |
|a Administracin̤ (Management)
|z Colombia
|
| 740 |
0 |
|
|a vLex Libros (Servicio en ln̕ea)
|
| 856 |
4 |
0 |
|u https://vlex.com/source/gestion-del-tiempo-y-planificacion-de-tareas-33401
|z Acceso restringido
|
| 942 |
|
|
|c BOOK
|
| 999 |
0 |
|
|a Management
|